| 000 | 01033nam a2200241 a 4500 | ||
|---|---|---|---|
| 008 | 071017s2000 ||||||||||||||||| || u | ||
| 020 | _a1558155112 | ||
| 050 | _aJS 231 Kli | ||
| 100 | _aKlitgaard, Robert | ||
| 245 | 1 | 0 |
_aCorrupt cities: a practical guide to cure and prevention _cRobert Klitgaard; Ronald Maclean-Abaroa; H. Lindsey Parris |
| 260 |
_aWashington, D. C.: _bWorld Bank _c2000 |
||
| 300 | _axiii, 162p. | ||
| 350 | _a0.00 | ||
| 650 | _aCORRUPTION--MORAL AND ETHICAL ASPECTS | ||
| 650 | _aPOLITICAL CORRUPTION | ||
| 650 | _aGOVERNANCE | ||
| 650 | _aMunicipal government | ||
| 700 | _aMaclean-Abaroa, Ronald | ||
| 700 | _aParris, H. Lindsey | ||
| 710 | _aWorld Bank | ||
| 995 |
_aANNEX COLLECTION (Main Library) _D0.00 _e55805 _FCBU-MAIN LIBRARY (Kitwe) _H1 _I0.00 _jJS 231 Kli _M1 _UAVAILABLE _WOct 17, 2007 _y55805 _ZAnnex Low-Usage Collection |
||
| 995 |
_aMAIN LIBRARY OPEN ACCESS _D0.00 _e028957 _FCBU-MAIN LIBRARY (Kitwe) _H1 _I0.00 _jJS 231 Kli _M2 _UAVAILABLE _WSep 8, 2008 _y028957 _ZMain Library Open Access Collection |
||
| 999 |
_c62539 _d62539 |
||